Introducing cultural studies / (Record no. 2937)
[ view plain ]
| 000 -LEADER | |
|---|---|
| fixed length control field | 00720cam a2200217 4500 |
| 001 - CONTROL NUMBER | |
| control field | 3605 |
| 005 - DATE AND TIME OF LATEST TRANSACTION | |
| control field | 20181127171609.0 |
| 008 - FIXED-LENGTH DATA ELEMENTS--GENERAL INFORMATION | |
| fixed length control field | 980226r19981997nyua b 001 0 eng d |
| 010 ## - LIBRARY OF CONGRESS CONTROL NUMBER | |
| LC control number | 97061441 |
| 020 ## - INTERNATIONAL STANDARD BOOK NUMBER | |
| International Standard Book Number | 9781848311817 |
| 100 1# - MAIN ENTRY--PERSONAL NAME | |
| Personal name | Sardar, Ziauddin. |
| 245 10 - TITLE STATEMENT | |
| Title | Introducing cultural studies / |
| Statement of responsibility, etc. | Ziauddin Sardar and Borin Van Loon. |
| 246 30 - VARYING FORM OF TITLE | |
| Title proper/short title | Cultural studies |
| 260 ## - PUBLICATION, DISTRIBUTION, ETC. | |
| Place of publication, distribution, etc. | New York : |
| Name of publisher, distributor, etc. | Totem Books, |
| Place of publication, distribution, etc. | |
| Name of publisher, distributor, etc. | |
| Date of publication, distribution, etc. | 2010. |
| 300 ## - PHYSICAL DESCRIPTION | |
| Extent | 173 p. : |
| Other physical details | ill. ; |
| Dimensions | 21 cm. |
| 504 ## - BIBLIOGRAPHY, ETC. NOTE | |
| Bibliography, etc. note | Includes bibliographical references (p. 172-173) and index. |
| 650 #0 - SUBJECT ADDED ENTRY--TOPICAL TERM | |
| Topical term or geographic name entry element | Culture |
| General subdivision | Study and teaching. |
| 700 1# - ADDED ENTRY--PERSONAL NAME | |
| Personal name | Appignanesi, Richard. |
| Personal name | Sardar, Ziauddin. |
| Title of a work | Cultural studies for beginners. |
| Personal name | Van Loon, Borin, |
| Dates associated with a name | 1951- |
| Withdrawn status | Lost status | Source of classification or shelving scheme | Damaged status | Not for loan | Collection code | Home library | Current library | Shelving location | Date acquired | Serial Enumeration / chronology | Inventory number | Total Checkouts | Full call number | Barcode | Date last seen | Date last checked out | Price effective from | Koha item type |
|---|---|---|---|---|---|---|---|---|---|---|---|---|---|---|---|---|---|---|
| Dewey Decimal Classification | Main TEST | RTC Library | RTC Library | Main opac | 29/04/2021 | 6153 | 1 | 306 SAR | 30005583 | 18/05/2021 | 29/04/2021 | 27/11/2018 | Main |